LIBRARY ONLINE CATALOGUE

The Economics of microfinance / (Record no. 1617)

MARC details
000 -LEADER
fixed length control field 00661nam a22002172 4500
001 - CONTROL NUMBER
control field 0000021034
005 - DATE AND TIME OF LATEST TRANSACTION
control field 20151021152604.0
008 - FIXED-LENGTH DATA ELEMENTS--GENERAL INFORMATION
fixed length control field 120109s xx 000 0 eng d
020 ## - INTERNATIONAL STANDARD BOOK NUMBER
International Standard Book Number 8120332386 :
040 ## - CATALOGING SOURCE
Original cataloging agency KABU
Transcribing agency KABU
100 1# - MAIN ENTRY--PERSONAL NAME
Personal name Armendariz, Beatriz.
-- 0000181706
245 14 - TITLE STATEMENT
Title The Economics of microfinance /
Statement of responsibility, etc. Beatriz Armendariz, Jonathan Morduch.
250 ## - EDITION STATEMENT
Edition statement 1st ed.
260 ## - PUBLICATION, DISTRIBUTION, ETC. (IMPRINT)
Place of publication, distribution, etc. New Delhi :
Name of publisher, distributor, etc. PHI,
Date of publication, distribution, etc. 2005.
300 ## - PHYSICAL DESCRIPTION
Extent xiv, 346 p.
650 #0 - SUBJECT ADDED ENTRY--TOPICAL TERM
Topical term or geographic name as entry element Microfinance.
-- 0000165232
700 1# - ADDED ENTRY--PERSONAL NAME
Personal name Morduch, Jonathan.
-- 0000181707
852 1# - LOCATION
-- p810 KES
908 ## - PUT COMMAND PARAMETER (RLIN)
Put command parameter 120109
950 ## - LOCAL HOLDINGS (RLIN)
-- 1
Holdings
Withdrawn status Lost status Source of classification or shelving scheme Not for loan Home library Current library Date acquired Total Checkouts Full call number Barcode Date last seen Copy number Price effective from Koha item type
    Library of Congress Classification   Kabarak, Main Campus Kabarak, Main Campus 21/10/2015   HG178.3 .A76 2005 c. 1 20352 21/10/2015 c.1 21/10/2015 General Collection